5 Letter Words Beginning With CH- - Statistics

General Stats
  • This quiz has been taken 118 times
  • The average score is 16 of 20
Answer Stats
Definition Answer % Correct
A country in South America Chile
98%
A young human being Child
97%
A type of ape Chimp
96%
A country in Asia China
94%
What people in the UK call fries Chips
94%
A soft white limestone used for writing on blackboards Chalk
92%
A board game of strategic skill for two players Chess
92%
The front surface of a person's or animal's body between the neck and the abdomen Chest
92%
To act dishonestly or unfairly in order to gain an advantage Cheat
91%
Noises birds make, especially chicks Cheep / Chirp
88%
To pursue in order to catch or catch up with Chase
86%
A bell that produces a melodious series of ringing sounds when struck Chime
80%
Chewbacca's nick name Chewy
77%
Girl in Spanish Chica
73%
Wear or damage caused by rubbing Chafe
70%
A leader or ruler of a people or clan Chief
69%
A small hot-tasting pod of a variety of capsicum Chili
67%
A deep fissure in the earth, rock, or another surface Chasm
62%
To scold or rebuke Chide
56%
The power or quality of giving delight or arousing admiration Charm
42%
No matching quizzes found
Score Distribution
Percent of People with Each Score
Percentile by Number Answered
Your Score History
You have not taken this quiz